Input-output analýza a systém národných účtov
Gespeichert in:
| 1. Verfasser: | |
|---|---|
| Körperschaft: | |
| Weitere Verfasser: | , |
| Format: | Buch |
| Sprache: | Slowakisch |
| Veröffentlicht: |
Bratislava
Vydavateľstvo EKONÓM
2001
|
| Schlagworte: | |
| Tags: |
Keine Tags, Fügen Sie das erste Tag hinzu!
|
MARC
| LEADER | 00000nam a2200000 4500 | ||
|---|---|---|---|
| 001 | c124276 | ||
| 005 | 20221124101601.4 | ||
| 020 | |a 80-225-1349-0 | ||
| 041 | 0 | |a slo | |
| 044 | |a SK | ||
| 245 | 1 | 0 | |a Input-output analýza a systém národných účtov |c Jaroslav Husár, Viera Mokrášová, Marián Goga |
| 264 | 1 | |a Bratislava |b Vydavateľstvo EKONÓM |c 2001 | |
| 300 | |a 225 s. | ||
| 610 | 2 | 0 | |a input-output |
| 610 | 2 | 0 | |a metóda input-output |
| 610 | 2 | 0 | |a modely input-output |
| 610 | 2 | 0 | |a účty národné |
| 610 | 2 | 0 | |a matice |
| 610 | 2 | 0 | |a bilancie |
| 610 | 2 | 0 | |a dovoz |
| 610 | 2 | 0 | |a rovnováha |
| 610 | 2 | 0 | |a systémy účtovné |
| 610 | 2 | 0 | |a porovnanie medzinárodné |
| 610 | 2 | 0 | |a tabuľky štatistické |
| 610 | 2 | 0 | |a odvetvia činnosti ekonomickej |
| 610 | 2 | 0 | |a analýza štruktúrna |
| 610 | 2 | 0 | |a výroba |
| 610 | 2 | 0 | |a Európa |
| 610 | 2 | 0 | |a USA |
| 610 | 2 | 0 | |a Slovensko |
| 100 | 1 | |a Husár, Jaroslav | |
| 700 | 1 | |a Mokrášová, Viera | |
| 700 | 1 | |a Goga, Marián | |
| 710 | 2 | |a Ekonomická univerzita v Bratislave. Fakulta hospodárskej informatiky | |